000 00505nam a22001937a 4500
005 20150327105552.0
008 100702s2010 nyua b 001 0 eng
020 _a9780071743440
041 0 _aeng
080 _a336
100 1 _aDurbin, Michael.
245 1 0 _aAll about high-frequency trading /
_cMichael P. Durbin.
250 _a1st ed.
260 _aNew York :
_bMcGraw-Hill,
_c2010.
300 _a224 p. :
_bme il.;
_c23 cm.
505 0 _aIndex: f. 219 - 224
650 0 _aFinanca
942 _2udc
_cBK
999 _c541
_d541